|
|
|
|
| LEADER |
01393nam a22003617a 4500 |
| 001 |
35376 |
| 003 |
BD-DhAAL |
| 005 |
20211129153713.0 |
| 008 |
190915r20062005enka b 001 0 eng |
| 999 |
|
|
|c 41251
|d 41251
|
| 010 |
|
|
|a 2006618315
|
| 015 |
|
|
|a GBA504673
|2 bnb
|
| 016 |
7 |
|
|a 013085868
|2 Uk
|
| 020 |
|
|
|a 1412901111 (cased)
|
| 020 |
|
|
|a 141290112X (pbk.)
|
| 020 |
|
|
|a 9781412901123
|
| 035 |
|
|
|a (OCoLC)ocm57484023
|
| 040 |
|
|
|a UKM
|c UKM
|d BWKUK
|d OCL
|d DLC
|d BD-DhAAL
|
| 042 |
|
|
|a lccopycat
|
| 050 |
0 |
0 |
|a HQ767.85
|b .R63 2005
|
| 082 |
0 |
4 |
|a 305.233072
|2 22
|
| 100 |
1 |
|
|a Roberts-Holmes, Guy.
|9 34608
|
| 245 |
1 |
0 |
|a Doing your early years research project :
|b a step-by-step guide /
|c Guy Roberts-Holmes.
|
| 260 |
|
|
|a London :
|b Paul Chapman,
|c 2005 [reprinted 2006]
|
| 300 |
|
|
|a xvi, 176 pages :
|b illustrations ;
|c 23 cm.
|
| 504 |
|
|
|a Includes bibliographical references and index.
|
| 526 |
|
|
|a BIED
|
| 541 |
|
|
|a Complimentary copy from BIED
|e 35376
|
| 650 |
|
0 |
|a Children
|x Research
|x Methodology.
|9 34609
|
| 650 |
|
0 |
|a Child development
|x Research
|x Methodology.
|9 34610
|
| 852 |
|
|
|a Ayesha Abed Library
|c BIED Collection
|
| 942 |
|
|
|2 ddc
|c BK
|
| 952 |
|
|
|0 0
|1 0
|2 ddc
|4 0
|6 305_233072000000000_ROB
|7 0
|9 66304
|a BRACUL
|b BRACUL
|c GEN
|d 2019-09-15
|e Complimentary copy from BIED
|l 1
|m 4
|o 305.233072 ROB
|p 3010035376
|r 2025-05-15
|s 2025-04-10
|t 1
|w 2019-09-15
|y BK
|x Transferred from BIED to General Stacks
|